|
|
|
|
| LEADER |
00000nam0a2200000 4500 |
| 001 |
220692 |
| 005 |
20231031195451.0 |
| 035 |
|
|
|a (RuTPU)RU\TPU\book\240824
|
| 090 |
|
|
|a 220692
|
| 100 |
|
|
|a 20120829d1970 m y0rusy50 ca
|
| 101 |
0 |
|
|a rus
|
| 102 |
|
|
|a RU
|
| 105 |
|
|
|a a j 000zy
|
| 200 |
1 |
|
|a Лабораторные работы по радиохимии
|e учебное пособие для вузов
|f под ред. И. А. Коршунова
|
| 210 |
|
|
|a Москва
|c Высшая школа
|d 1970
|
| 215 |
|
|
|a 264 с.
|c ил.
|
| 610 |
1 |
|
|a химия
|
| 610 |
1 |
|
|a аналитическая химия
|
| 610 |
1 |
|
|a радиохимия
|
| 610 |
1 |
|
|a радиохимические методы
|
| 610 |
1 |
|
|a радиохимические анализы
|
| 610 |
1 |
|
|a лабораторные работы
|
| 610 |
1 |
|
|a практические работы
|
| 610 |
1 |
|
|a учебные пособия
|
| 675 |
|
|
|a 544.58(076.5)
|v 3
|
| 702 |
|
1 |
|a Коршунов
|b И. А.
|g Илья Алексеевич
|4 340
|
| 801 |
|
1 |
|a RU
|b 63413507
|c 20120829
|
| 801 |
|
2 |
|a RU
|b 63413507
|c 20140508
|g RCR
|
| 942 |
|
|
|c BK
|